Social policies in India : contemporary perspectives (Record no. 19545)
[ view plain ]
| 000 -LEADER | |
|---|---|
| fixed length control field | 00573nam a2200205 a 4500 |
| 001 - CONTROL NUMBER | |
| control field | 157160 |
| 003 - CONTROL NUMBER IDENTIFIER | |
| control field | OSt |
| 005 - DATE AND TIME OF LATEST TRANSACTION | |
| control field | 20211115144543.0 |
| 008 - FIXED-LENGTH DATA ELEMENTS--GENERAL INFORMATION | |
| fixed length control field | 191021 ### HIN |
| 020 ## - INTERNATIONAL STANDARD BOOK NUMBER | |
| International Standard Book Number | 9788183766876 |
| 082 ## - DEWEY DECIMAL CLASSIFICATION NUMBER | |
| Classification number | 338.954 |
| Item number | S43S |
| 100 ## - MAIN ENTRY--PERSONAL NAME | |
| Personal name | Sole, Nagendra Ambedkar |
| 245 ## - TITLE STATEMENT | |
| Title | Social policies in India : contemporary perspectives |
| Statement of responsibility, etc | by Nagendra Ambedkar Sole and Subhasis Bhadra |
| 260 ## - PUBLICATION, DISTRIBUTION, ETC. (IMPRINT) | |
| Place of publication, distribution, etc | Jaipur |
| Name of publisher, distributor, etc | ABD Publication |
| Date of publication, distribution, etc | 2019 |
| 300 ## - PHYSICAL DESCRIPTION | |
| Extent | 274p. |
| 653 ## - INDEX TERM--UNCONTROLLED | |
| Uncontrolled term | Social Policies |
| 653 ## - INDEX TERM--UNCONTROLLED | |
| Uncontrolled term | Social Work |
| 700 ## - ADDED ENTRY--PERSONAL NAME | |
| Personal name | Bhadra, Subhasis |
| 942 ## - ADDED ENTRY ELEMENTS (KOHA) | |
| Source of classification or shelving scheme | Dewey Decimal Classification |
| Koha item type | Books |
| Withdrawn status | Lost status | Damaged status | Not for loan | Collection code | Home library | Current library | Date acquired | Source of acquisition | Total Checkouts | Full call number | Barcode | Date last seen | Date checked out | Price effective from | Koha item type |
|---|---|---|---|---|---|---|---|---|---|---|---|---|---|---|---|
| General Text Book | Central University Of Rajasthan | Central University Of Rajasthan | 21/10/2019 | SCW | 1 | 338.954 S43S | 32365 | 01/02/2023 | 12/12/2022 | 02/09/2020 | Books | ||||
| General Text Book | Central University Of Rajasthan | Central University Of Rajasthan | 21/10/2019 | SCW | 338.954 S43S | 32364 | 02/09/2020 | 02/09/2020 | Books |
